MDQL
is popping MORE tags! Check the
thread
!
Quizzes
Events
Quiz Creation
Community
Videos
Private Events
Remove Ads
Sign In
Join for FREE
Feedback
Dark Mode
Quiz Categories
Sports
Geography
Music
Movies
Television
Just For Fun
Miscellaneous
History
Literature
Language
Science
Gaming
Entertainment
Religion
Holiday
For Kids
Quiz Lab
Recent
Popular Today
Quiz Kudos Today
Editor Picks
Curator Picks
Quizzes by...
Day
Popularity
Type
Ratings
Length
Year
Community
Subscriptions
Recent Discussions
Orange Saloon
Badges
Playlists
Quests
Create
Leaderboards
Showdown
Live 5
Trivia Bingo
Activity
Puzzle Library
Sporcle Events
Private Events
Virtual Trivia
Globe League
Become a Host
Pub Owners
SporcleCon
Opinionation
Our Games
Videos
Blog
Mobile Apps
Partnerships
Remove Ads and Go Orange
Feedback
Sports
Athletes
MLB
NBA
NHL
NFL
Soccer
Sports Teams
WWE
NCAA
Football
Premier League
Basketball
Baseball
Hockey
Golf
Tennis
Cricket
Rugby
Auto Racing
Olympics
World Cup
Sports
Athletes
MLB
NBA
NHL
NFL
Soccer
Sports Teams
WWE
NCAA
Football
Premier League
Basketball
Baseball
Hockey
Golf
Tennis
Cricket
Rugby
Auto Racing
Olympics
World Cup
Random Quiz
Search Sporcle
×
Quiz Lab
Quiz Lab
Sports
Premier League
Type in answers that appear in a list
Type in answers that appear in a list
Classic
Best Score? Go Orange.
Can you name every Premier League's side top creator? Stats
Can you name every Premier League's side top creator??
By
fitzy_
6m
20 Questions
59 Plays
59 Plays
59 Plays
Comments
Comments
Give Quiz Kudos
Give Quiz Kudos
-
- Ratings
hide this ad
Replay
Link that replays current quiz
Next Quiz
Link to next quiz in quiz playlist
You Got
0%
They Got
Avg Score
58%
Avg Friend Score
Upgrade to see
Score Distribution
Jump to the score distribution portion of the page
Score
0/20
Timer
06:00
0
Plays Today
Hint
Answer
% Correct
Arsenal
Mesut Ozil
96.6%
Chelsea
Eden Hazard
91.5%
Leicester City
Riyad Mahrez
83.1%
Liverpool
Roberto Firmino
83.1%
Manchester City
Kevin De Bruyne
81.4%
Everton
Ross Barkley
79.7%
Manchester United
Paul Pogba
76.3%
Tottenham Hotspur
Christian Eriksen
76.3%
Southampton
Dusan Tadic
69.5%
Swansea City
Gylfi Sigurdsson
69.5%
Hint
Answer
% Correct
Stoke City
Marko Arnautovic
61%
Crystal Palace
Jason Puncheon
52.5%
West Bromwich Albion
Chris Brunt
52.5%
Watford
Troy Deeney
50.8%
West Ham United
Dimitri Payet
45.8%
Middlesbrough
Gaston Ramirez
39%
Burnley
Scott Arfield
20.3%
Sunderland
Adnan Januzaj
18.6%
Hull City
Ahmed Elmohamady
13.6%
Bournemouth
Jack Wilshere
5.1%
Quiz Playlist
Details
Report
Send in Message
Add To Playlist
Classic:
Type in answers that appear in a list
Last Updated: May 15, 2017
Quiz Scoreboard
CHALLENGE
Sign Up to Join the Scoreboard
Show All
Scores
Hide
Comments
May contain spoilers
Recently Published
Colored Red Africa Blitz
by spor1
Geography
30s
Find the 'City' Movie
by crazypaving
Movies
60s
5x2 Blitz: Bands
by SL_Kpop136
Music
30s
More to Explore
Quiz From the Vault
Featured Blog Post
14 Easter Pick-up Lines to Find Eggs With
hide this ad
You Might Also Like...
Tags
Premier League Quiz
creator
League
Premier
side
Today's Top Quizzes in Sports
Browse Sports
hide this ad
Today's Top Quizzes in Premier League
Browse Premier League
Top Contributed Quizzes in Sports
1
Les entraîneurs de l'OM et du PSG au 21e siècle
2
Les meilleurs buteurs des matchs entre le PSG et l’OM
3
Les joueurs passés par le PSG et l'OM
4
Players with Multiple 50 Home Run Seasons
5
2022 World Cup Stars
6
Criteria MLB: Left Handed Sluggers
7
NBA Logic Puzzle 2.0
8
MLB Players with Two .350 Batting Average Seasons
9
Top 10 NHL Goal Scorers of All Time
10
Les joueurs passés par le LOSC et le RC Lens
Explore More
Trending Topics
Disney
Marvel
Anime
Kpop
Crossword
NBA
Harry Potter
NFL
Soccer
Song
Puzzle
WWE
The Office
Pokémon
Country
hide this ad
More By:
fitzy_
Quiz
Plays
Rating
Category
Featured
Created
Can you name every Premier League's side top creator?
59
Sports
May 15, 2017
Go to Creator's Profile
Score Distribution
Quiz Creator Spotlight
fitzy_
Follow
Send a Message
Quizzes Created
-
Created Quiz Play Count
-
More By This Creator
Popular Quizzes Today
1
Colored Red Africa Blitz
2
Find the 'City' Movie
3
5x2 Blitz: Bands
4
Find the US States - No Outlines Minefield
5
The Countries of the World
6
Find the US States
7
US States
8
Find the Countries of Europe - No Outlines Minefield
More Sports Quizzes
Retired College Logos
Published
Trending Quizzes
Colored Red Europe Blitz I
Colored Red Europe Blitz II
Colored Red Africa Blitz II
Colored Red Europe Blitz III
Colored Red Africa Blitz III
Recently Updated
How Do You Spell That?
pecheneg
Godzilla Movies
pecheneg
Grab Bag: 4-10 Letters
pecheneg
2024 March Madness Bracket
pecheneg
Famous TV Couples
Peacemaker
Champions League XIs: Real Madrid
pecheneg
Largest US Cities 1790-2010
pecheneg
Rides in Walt Disney World
pecheneg
Most Oscar Losses (Acting)
pecheneg
Beyoncé Albums
pecheneg
Trending Topics
Harry Potter
Disney
Anime
Crossword
Marvel
Kpop
NBA
NFL
WWE
Soccer
Pokémon
Song
Country
The Office
Puzzle
Your Account Isn't Verified!
In order to create a playlist on Sporcle, you need to verify the email address you used during registration. Go to your
Sporcle Settings
to finish the process.
Report this User
Report this user for behavior that violates our
Community Guidelines
.
Details:
Send Report
Go to the Sporcle.com Mobile Site →
Comments